Manejo de las instrucciones del CPU para el proyecto abierto papiGB
Gorde:
| Egile nagusia: | |
|---|---|
| Beste egile batzuk: | |
| Formatua: | Liburua |
| Hizkuntza: | Spanish |
| Argitaratua: |
[San José ], Costa Rica
2016
|
| Gaiak: | |
| Etiketak: |
Etiketa erantsi
Etiketarik gabe, Izan zaitez lehena erregistro honi etiketa jartzen!
|
MARC
| LEADER | 00000nam a22000007a 4500 | ||
|---|---|---|---|
| 003 | 012719 | ||
| 005 | 20230920095931.0 | ||
| 008 | 170927b2016 cr a|||| |m|| 00| ||spa d | ||
| 040 | |c cru CEDI | ||
| 090 | |a TFG 7870 | ||
| 100 | |9 1571 |a Jiménez Leiva, Gabriel, 1993- | ||
| 245 | |a Manejo de las instrucciones del CPU para el proyecto abierto papiGB | ||
| 260 | |a [San José ], Costa Rica |c 2016 | ||
| 300 | |a ix, 19 hojas; ilustraciones | ||
| 500 | |a Proyecto de graduación (bachillerato en ingeniería eléctrica)--Universidad de Costa Rica. Facultad de Ingeniería. Escuela de Ingeniería Eléctrica | ||
| 501 | |a Profesor Guía de IE-0499 Proyecto Eléctrico: M.Sc. Diego Valverde Garro | ||
| 650 | |x ELECTRONICA - APARATOS E INSTRUMENTOS |x VIDEOJUEGOS |x SISTEMAS ELECTRONICOS - DISEÑO |x JUEGOS ELECTRONICOS |9 8065 | ||
| 700 | |9 1185 |a Diego Valverde Garro, 1979- |d Director de Proyecto Eléctrico | ||
| 942 | |c CEDI | ||
| 999 | |c 19022 |d 19022 | ||
